How to solve it: modern heuristics
Na minha lista:
| Principais autores: | , |
|---|---|
| Formato: | Livro |
| Idioma: | inglês |
| Publicado em: |
Berlín
Springer
2010
|
| Edição: | 2a. ed |
| Assuntos: | |
| Tags: |
Adicionar Tag
Sem tags, seja o primeiro a adicionar uma tag!
|
MARC
| LEADER | 00000cam a2200000 a 4500 | ||
|---|---|---|---|
| 001 | UCC5275 | ||
| 003 | CL-VaPUC | ||
| 008 | 180927e20100000gw |||||||||||||||||eng|d | ||
| 020 | |a 9783642061349 | ||
| 082 | 0 | 4 | |a 153.42 |b MIC |2 21 |
| 100 | |a Michaelewicz, Zbigniew |e autor |9 599580 | ||
| 700 | 0 | |a Fogel, David B |e author |9 599581 | |
| 245 | 1 | 0 | |a How to solve it: modern heuristics |
| 250 | |a 2a. ed | ||
| 300 | |a 554 p | ||
| 942 | |c BK | ||
| 945 | |d 20180927 22:58:00 |a dcastane | ||
| 260 | |a Berlín |b Springer |c 2010 | ||
| 650 | 7 | |a SOLUCION DE PROBLEMAS |2 CL-VaPUC |9 270958 | |
| 650 | 7 | |a SOLUCION HEURISTICA |2 CL-VaPUC |9 599582 | |
| 650 | 7 | |a HEURISTICA |2 CL-VaPUC |9 432074 | |
| 583 | |a last modification |c 20180927 22:58:00 |k Rodrigo Vera | ||
| 999 | |c 372530 |d 372528 | ||
| 952 | |0 0 |1 0 |3 erb |4 0 |6 153_420000000000000_MIC_2010 |7 0 |8 A |9 490209 |a BIBING |b BIBING |i 5504473 |o 153.42 MIC 2010 |p 5504473 |r 2025-01-20 |w 2019-11-24 |y BK |z Catalogado en:20180927 |k CCI | ||